| 000 | 00669nas a2200253 4500 | ||
|---|---|---|---|
| 001 | BR9200232 | ||
| 003 | BR-BrBNA | ||
| 005 | 20231205092230.0 | ||
| 007 | ta | ||
| 008 | 230509b bl.|||p| |||| 00| 00por d | ||
| 040 |
_aBR-BrBNA _bpor _cBiblioteca Nacional de Agricultura |
||
| 041 | _a(Pt) | ||
| 072 | _aF01 | ||
| 100 | 1 | _aAnon. | |
| 245 | 1 | _aAlfafa [Medicago spp.] | |
| 650 | _aALFAFA | ||
| 650 | _aALIMENTO PARA ANIMAL | ||
| 650 | _aIRRIGACAO | ||
| 650 | _aVARIEDADE | ||
| 650 | _aPLANTIO | ||
| 773 | 0 |
_tGlobo Rural (Brazil) _xISSN 0102-6178 _g(Jun 1989), v. 4(44) p. 78-81 _wBR9200232 |
|
| 909 |
_a202311 _bLúcia _c55 _dLúcia Elande |
||
| 942 |
_2AGRIS _n0 _cANA |
||
| 999 |
_c130260 _d130260 |
||